000 04818nam0a2200445 4500
001 RU\NLR\BIBL_A\022314041
005 20260420014200.0
010 _a978-5-93856-803-7
_9500
021 _aRU
_bКН-П-24-043160
_9КН-П-24-4298
035 _a(NLR Aleph) 022314041
090 _a13664488
_c13664488
100 _a20240904d2024 k y0rusy50 ca
101 0 _arus
102 _aRU
105 _aa|||z|||100yy
181 0 _ai3
_baxxe
182 0 _an
200 1 _aСовременные информационные технологии, инновации и молодежь - "СИТИМ-2024"
_eматериалы Всероссийской студенческой научно-практической конференции с международным участием (г. Якутск, 22-23 марта 2024 г.)
_fМинистерство науки и высшего образования Российской Федерации, Федеральное государственое автономное образовательное учреждение высшего образования "Северо-Восточный федеральный университет имени М. К. Аммосова", Институт математики и информатики
_gредакционная коллегия: к.п.н. Дьячковская М. Д. (отв. редактор ) [и др.]
203 _aТекст
_bвизуальный
_cнепосредственный
210 _aУльяновск
_cЗебра
_d2024
215 _a279 с.
_cил., табл.
_d21
313 _aПо пред. изд. 2023 г.
320 _aБиблиогр. в конце ст.
330 _aСборник материалов Всероссийской студенческой научно-практической конференции с международным участием отражает результаты научных исследований студентов по проблемам инновационного развития современной техники и технологий, их применения в различных областях. Предназначен обмену исследовательским и практическим опытом работы, а также повышению научной активности молодёжи, привлечению ее к решению актуальных задач науки. Для научных работников, преподавателей, аспирантов, студентов, школьников, а также для широкого круга читателей. Материалы печатаются с оригиналов, поданных в оргкомитет, ответственность за содержание и достоверность статей несут авторы
606 1 _aИнформационные технологии
_jСъезды, совещания и т.п
_91740175
_3RU\NLR\AUTH\66778624
606 1 _aПрикладная информатика
_jСъезды, совещания и т.п
_92401886
_3RU\NLR\AUTH\661431676
606 1 _aМатематика
_jСъезды, совещания и т.п
_xПреподавание
_xСредняя школа
_91523244
_3RU\NLR\AUTH\66662481
606 1 _aИнформатика
_jСъезды, совещания и т.п
_xПреподавание
_xСредняя школа
_92074532
_3RU\NLR\AUTH\661249536
686 1 _aЗ973.233я431(2)
686 1 _aЧ426.24я431
686 1 _aЧ426.29я431
702 1 _aДьячковская
_bМ. Д.
_gМотрена Давидовна
_4340
711 0 2 _aСеверо-Восточный федеральный университет им. М. К. Аммосова
_bДни студенческой науки
_cЯкутск
_f2024
_9887271
_3RU\NLR\AUTH\880615420
711 1 2 _a"Современные информационные технологии, инновации и молодежь", всероссийская студенческая научно-практическая конференция с международным участием
_d2
_eЯкутск
_f2024
_9887272
_3RU\NLR\AUTH\880615421
712 0 2 _4557
_aСеверо-Восточный федеральный университет им. М. К. Аммосова
_bИнститут математики и информатики
_cЯкутск
_9495325
_3RU\NLR\AUTH\880415111
942 _cBOOK
980 _aNB